000 00566nam a2200205 a 4500
008
020 _a0521461812 (cased)
049 _aMAIN
090 _aQA297
245 0 0 _aActa numerica 1994.
260 _aCambridge, England :
_bCambridge University Press,
_c1994.
300 _a572 p. ;
_c26 cm.
504 _aIncludes bibliographical references.
650 0 _aNumerical analysis.
907 _a.b10040183
_b17-11-03
_c17-04-03
003
005 20230123133207.0
040 _cNUST
942 _cBOOKS
_kQA297
999 _c144345
_d144345